Востребованность PR-услуг на рынке г. Санкт-Петербурга в условиях экономического кризиса; Актуальные проблемы гуманитарных наук

Detalles Bibliográficos
Parent link:Актуальные проблемы гуманитарных наук.— 2010.— С. 24-25
Autor principal: Дикович А. К.
Lenguaje:ruso
Publicado: 2010
Materias:
Formato: MixedMaterials Capítulo de libro
KOHA link:https://koha.lib.tpu.ru/cgi-bin/koha/opac-detail.pl?biblionumber=193171

MARC

LEADER 00000naa2a2200000 4500
001 193171
005 20231031181729.0
035 |a (RuTPU)RU\TPU\book\210681 
090 |a 193171 
100 |a 20110318d2010 k y0rusy50 ca 
101 0 |a rus 
102 |a RU 
200 1 |a Востребованность PR-услуг на рынке г. Санкт-Петербурга в условиях экономического кризиса  |f А. К. Дикович 
463 0 |0 (RuTPU)RU\TPU\book\205127  |y 978-5-98298-643-6  |t Актуальные проблемы гуманитарных наук  |o сборник трудов IX Международной научно-практической конференции студентов, аспирантов и молодых ученых, 22-23 апреля 2010 г., Томск  |f Национальный исследовательский Томский политехнический университет (ТПУ)  |v С. 24-25  |d 2010  |p 564 с. 
610 1 |a услуги 
610 1 |a рынок 
610 1 |a экономические кризисы 
610 1 |a пиар 
610 1 |a PR-услуги 
610 1 |a маркетинговые исследования 
610 1 |a труды учёных ТПУ 
700 1 |a Дикович  |b А. К. 
801 1 |a RU  |b 63413507  |c 20110318 
942 |c BK